|
|
|
|
| LEADER |
00000cam a2200000 i 4500 |
| 001 |
1/32511 |
| 008 |
060719s1950 ger d |
| 035 |
|
|
|l 10084696
|
| 040 |
|
|
|a GR-MY-UA
|b gre
|e aacr
|
| 041 |
0 |
|
|a ger
|
| 082 |
0 |
|
|a 224
|2 (22)
|
| 100 |
1 |
|
|a Buber, Martin,
|d 1878-1965.
|
| 245 |
1 |
4 |
|a Der Glaube der Propheten /
|c Martin Buber
|
| 260 |
|
|
|a Zurich :
|b Manesse,
|c [1950]
|
| 300 |
|
|
|a 334 σ.;
|c 20 εκ.
|
| 504 |
|
|
|a Περιλαμβάνει βιβλιογραφικές αναφορές
|
| 630 |
0 |
0 |
|a Bible.
|p O.T.
|p Prophets
|x Theology.
|
| 852 |
|
|
|a INST
|b RHODES
|c KRI
|e 20060719
|h 224 BUB
|p 005400024675
|q 005400024675
|t BK
|y 0
|
| 901 |
|
|
|a BIBL4-2006-2
|
| 909 |
|
|
|a Ρ
|b 126651
|
| 970 |
|
|
|a ΚΟΖΑ
|b ΜΑΡΙΑ
|z 2006/07/19
|